| 000 | 00377cam a2200157ua 4500 | ||
|---|---|---|---|
| 041 |
_aeng _h |
||
| 082 |
_a823.301 _bHUG/AL |
||
| 100 | _aHughes, A G . | ||
| 245 |
_aAli Baba and Aladin / _cA G Hughes. _hTextual Documents |
||
| 250 |
_a1 / _b. |
||
| 260 |
_aLondon : _bLongman Green and Co , _c1963. |
||
| 300 | _a64 ; . | ||
| 504 | _a | ||
| 942 | _cBK | ||
| 999 |
_c6702 _d6702 |
||